Newton's Third Rule and the Experimental Argument for Universal Gravity (Record no. 50444)

MARC details
000 -LEADER
fixed length control field 01997nam a2200241Ia 4500
000 - LEADER
fixed length control field 02806naaa 00445uu
001 - CONTROL NUMBER
control field https://directory.doabooks.org/handle/20.500.12854/71450
005 - DATE AND TIME OF LATEST TRANSACTION
control field 20260218105852.0
008 - FIXED-LENGTH DATA ELEMENTS--GENERAL INFORMATION
fixed length control field 211013s9999 xx 000 0 und d
020 ## - INTERNATIONAL STANDARD BOOK NUMBER
International Standard Book Number 9781003184256
024 ## - OTHER STANDARD IDENTIFIER
Standard number or code 10.4324/9781003184256
042 ## - AUTHENTICATION CODE
Authentication code dc
245 #0 - TITLE STATEMENT
Title Newton's Third Rule and the Experimental Argument for Universal Gravity
260 ## - PUBLICATION, DISTRIBUTION, ETC.
Name of publisher, distributor, etc. Taylor & Francis
Date of publication, distribution, etc. 2022
300 ## - PHYSICAL DESCRIPTION
Extent 1 electronic resource (116 p.)
520 ## - SUMMARY, ETC.
Summary, etc. This book provides a reading of Newton's argument for universal gravity that is focused on the evidence-based, experimental reasoning that Newton associates with his program of experimental philosophy. It highlights the richness and complexity of the Principia and also draws important lessons about how to situate Newton in his natural philosophical context. The book has two primary objectives. First, it defends a novel interpretation of the third of Newton's four Rules for the Study of Natural Philosophy - what the author terms the Two-Set Reading of Rule 3. Second, it argues that this novel interpretation of Rule 3 sheds additional light on the differences between Newton's experimental philosophy and Descartes's hypothetical philosophy, and that it also illuminates how the practice of experimental philosophy allowed Newton to make a universal force of gravity the centerpiece of his explanation of the system of the world. Newton's Third Rule and the Experimental Argument for Universal Gravity will be of interest to researchers and advanced students working on Newton's natural philosophy, early modern philosophy, and the history of science.
540 ## - TERMS GOVERNING USE AND REPRODUCTION NOTE
Terms governing use and reproduction Creative Commons
653 ## - INDEX TERM--UNCONTROLLED
Uncontrolled term Descartes
700 1# - ADDED ENTRY--PERSONAL NAME
Personal name Domski, Mary
856 ## - ELECTRONIC LOCATION AND ACCESS
Uniform Resource Identifier <a href="https://docs.google.com/spreadsheets/d/1yKIrdCPDAG_9c22mwoOIO2DOhtj65Wqa/edit?usp=sharing&ouid=106555315294820607512&rtpof=true&sd=true ">https://docs.google.com/spreadsheets/d/1yKIrdCPDAG_9c22mwoOIO2DOhtj65Wqa/edit?usp=sharing&ouid=106555315294820607512&rtpof=true&sd=true </a>
Link text List of Curated E-Books
942 ## - ADDED ENTRY ELEMENTS (KOHA)
Koha item type E-Book
Holdings
Withdrawn status Source of classification or shelving scheme Damaged status Not for loan Home library Current library Date acquired Total Checkouts Date last seen Price effective from Koha item type
  Library of Congress Classification   Not For Loan Directory of Open Access Books Directory of Open Access Books 12/22/2021   12/22/2021 12/22/2021 E-Book

University of Rizal System
Email us at univlibservices@urs.edu.ph

Visit our Website www.urs.edu.ph/library